00736nam a2200253 a 4500001001300000003000900013005001700022008004100039020002300080082001800103100001800121245004300139260003700182300000900219500003500228505001000263650002300273650001700296700001800313902000800331942000700339952011900346999001700465nice12345678IN_TiNIC20260116013248.0050524s1988 dela grp 000 0 eng  a8170236 c60000a954.0245bGOP aGopal Singh,  aHistory of the Sikh People (1469-1988) aDelhibAllied Publicationsc1988 a860p aincludes index and biblioraphy2 aIndex aIndia-History Sikh aPanjab-Sikhs1 aGopal Singh,  bSRS cBK 001040708StackRoom-aHMIbHMId2007-04-04g600.00l0o954.0245 GOPp016201r2007-04-04v600.00w2005-05-24yBK c10300d10300